000
00339 a2200157 4500
001
61131
020
_a
0582337933
040
_c
Anchieta - Pituba
100
_a
Hall, Diane
240
1
0
_a
Distinction, book 2
_l
Ing
245
1
0
_a
Distinction, book 2
300
_a
96
362
0
_a
1993
650
4
_a
Inglês e inglês antigo
942
_c
BK
999
_c
61131
_d
61131